San Pablo: ¿una teología de la Iglesia?
Uloženo v:
| Hlavní autor: | |
|---|---|
| Médium: | Kniha |
| Jazyk: | španělština |
| Vydáno: |
Pamplona
Verbo Divino
2010
|
| Edice: | Cuadernos Bíblicos, 147
|
| Témata: | |
| Tagy: |
Přidat tag
Žádné tagy, Buďte první, kdo vytvoří štítek k tomuto záznamu!
|
MARC
| LEADER | 00000cam a2200000 a 4500 | ||
|---|---|---|---|
| 001 | UCG7899 | ||
| 003 | CL-VaPUC | ||
| 008 | 111021e20100000SP |||||||||||||||||spa|d | ||
| 020 | |a 9788499451039 | ||
| 082 | 0 | 4 | |a 227 |b DUP |2 21 |
| 100 | 0 | |a Dupont-Roc, Roselyne |e author |9 558388 | |
| 245 | 1 | 0 | |a San Pablo: ¿una teología de la Iglesia? |
| 300 | |a 82 p | ||
| 942 | |c BK | ||
| 945 | |d 20111021 00:00:00 |a dcastane | ||
| 260 | |a Pamplona |b Verbo Divino |c 2010 | ||
| 600 | 0 | 7 | |a TARSO, PABLO DE |2 CL-VaPUC |9 558389 |
| 600 | 0 | |a Nazaret, Jesús de |9 558390 | |
| 650 | 0 | |a Biblia |9 257603 | |
| 650 | 0 | |a Nuevo testamento |9 257604 | |
| 650 | 0 | |a Teología |9 258766 | |
| 583 | |a last modification |c 20111021 10:47:00 |k Rodrigo Vera | ||
| 490 | 0 | |a Cuadernos Bíblicos, 147 | |
| 999 | |c 345587 |d 345585 | ||
| 952 | |0 0 |1 0 |4 0 |6 227_000000000000000_DUP_2010 |7 0 |8 A |9 444498 |a BIBTEO |b BIBTEO |d 2019-11-22 |i 4782720 |o 227 DUP 2010 |p 4782720 |r 2025-01-17 |w 2019-11-22 |y BK |k ICR | ||
| 952 | |0 0 |1 0 |3 erb |4 0 |6 227_000000000000000_DUP_2010 |7 0 |8 A |9 444499 |a BIBTEO |b BIBTEO |i 5296080 |o 227 DUP 2010 |p 5296080 |r 2025-01-17 |w 2019-11-22 |y BK |z Catalogado en:20160708 |k ICR | ||